[Event "XIII Abierto de la Constitucion"]
[Site "San Sebastian De Los Reyes"]
[Date "2011.12.02"]
[Round "1.1"]
[White "Hernandez Mateo, Borja"]
[Black "Almagro Llamas, Pablo"]
[Result "0-1"]
[WhiteElo "1713"]
[BlackElo "2461"]
[PlyCount "50"]
[EventDate "2011.12.02"]

1. e4 c6 2. c4 d5 3. exd5 cxd5 4. cxd5 Nf6 5. Nc3 Nxd5 6. Bc4 e6 7. Nf3 Be7 8.
O-O O-O 9. d4 Nxc3 10. bxc3 Nc6 11. Qc2 b6 12. Bd3 g6 13. Re1 Re8 14. Bf4 Bb7
15. Ne5 Nxe5 16. Bxe5 Rc8 17. Qd2 Bg5 18. Qc2 Bf6 19. Bxf6 Qxf6 20. Rac1 e5 21.
dxe5 Rxe5 22. Rxe5 Qxe5 23. Qd2 Qd5 24. f3 Rd8 25. Rd1 Ba6 0-1

[Event "XIII Abierto de la Constitucion"]
[Site "San Sebastian De Los Reyes"]
[Date "2011.12.02"]
[Round "1.2"]
[White "Roa Alonso, Santiago"]
[Black "Al-Zarif Zabala, Bassam"]
[Result "1-0"]
[WhiteElo "2418"]
[BlackElo "1701"]
[PlyCount "35"]
[EventDate "2011.12.02"]

1. e4 d5 2. exd5 Qxd5 3. Nc3 Qd6 4. d4 c6 5. g3 Nf6 6. Bf4 Qd8 7. Qd2 Bg4 8. f3
Bf5 9. g4 Bg6 10. Bc4 e6 11. Nge2 Bd6 12. h4 h6 13. O-O-O Qe7 14. Rhe1 Nbd7 15.
Bxd6 Qxd6 16. Nf4 Nf8 17. d5 e5 18. dxc6 1-0

[Event "XIII Abierto de la Constitucion"]
[Site "San Sebastian De Los Reyes"]
[Date "2011.12.02"]
[Round "1.3"]
[White "Navarro Rodriguez, Jesus"]
[Black "Hernando Pertierra, Jose Carlos"]
[Result "0-1"]
[WhiteElo "1691"]
[BlackElo "2373"]
[PlyCount "72"]
[EventDate "2011.12.02"]

1. e4 g6 2. Nf3 Bg7 3. d4 c6 4. c3 d5 5. e5 Bg4 6. Be2 e6 7. h3 Bxf3 8. Bxf3 c5
9. O-O Nc6 10. Na3 cxd4 11. cxd4 Qb6 12. Nc2 Nge7 13. b3 a5 14. Bb2 O-O 15. Re1
Rfc8 16. Ne3 a4 17. Ba3 axb3 18. Qxb3 Qxd4 19. Bxe7 Nxe7 20. Qxb7 Qa7 21. Qxa7
Rxa7 22. Ng4 Kf8 23. Bd1 h5 24. Nf6 Bxf6 25. exf6 Ng8 26. g4 hxg4 27. hxg4 Nxf6
28. Kg2 Ne4 29. Rh1 Ke7 30. Bb3 Nd2 31. Rad1 Nxb3 32. axb3 Ra2 33. b4 Rcc2 34.
Rhf1 Rab2 35. Rd4 g5 36. Kg1 Rc5 0-1

[Event "XIII Abierto de la Constitucion"]
[Site "San Sebastian De Los Reyes"]
[Date "2011.12.02"]
[Round "1.5"]
[White "Plazuelo Pascual, Juan"]
[Black "Adan Bermudez, Sergio"]
[Result "0-1"]
[WhiteElo "1678"]
[BlackElo "2292"]
[PlyCount "80"]
[EventDate "2011.12.02"]

1. e4 d6 2. d4 Nf6 3. Nc3 g6 4. f4 Bg7 5. Nf3 c5 6. dxc5 Qa5 7. Bd3 Qxc5 8. Qe2
Nc6 9. Be3 Qa5 10. O-O O-O 11. h3 Nb4 12. a3 Nxd3 13. Qxd3 a6 14. Rad1 Be6 15.
Nd4 Bd7 16. Nb3 Qh5 17. e5 Bf5 18. Qc4 Be6 19. Qb4 dxe5 20. Qxe7 exf4 21. Bxf4
Bc4 22. Rfe1 Qf5 23. Be5 Rae8 24. Qc7 Bxb3 25. cxb3 Ng4 26. hxg4 Bxe5 27. gxf5
Bxc7 28. Nd5 Be5 29. Rd2 Kg7 30. fxg6 fxg6 31. Rde2 Rf5 32. Nc3 Bd4+ 33. Kh2
Ref8 34. Re7+ Kh6 35. R1e2 Rh5+ 36. Kg3 Rff5 37. R2e4 Be5+ 38. Kg4 Rhg5+ 39.
Kh3 Rg3+ 40. Kh4 Rh5# 0-1

[Event "XIII Abierto de la Constitucion"]
[Site "San Sebastian De Los Reyes"]
[Date "2011.12.02"]
[Round "1.6"]
[White "Quevedo Marin, Manuel"]
[Black "Cerrato Torrijos, Javier"]
[Result "1-0"]
[WhiteElo "2184"]
[BlackElo "1675"]
[PlyCount "59"]
[EventDate "2011.12.02"]

1. d4 Nf6 2. c4 e6 3. Nc3 Bb4 4. f3 b6 5. e3 Bb7 6. Bd3 d6 7. Nge2 O-O 8. O-O
Nbd7 9. Qc2 e5 10. Bd2 Re8 11. Rac1 Bxc3 12. Nxc3 Rc8 13. Bf5 Ba6 14. Ne4 Nxe4
15. Bxe4 Nf6 16. Bc6 d5 17. Bxe8 Qxe8 18. dxe5 Qxe5 19. b3 Rd8 20. Bc3 Qd6 21.
Bxf6 Qxf6 22. Rcd1 c5 23. Rfe1 d4 24. exd4 cxd4 25. Qe4 h6 26. Qe7 Qd6 27. Qxd6
Rxd6 28. Re7 b5 29. c5 Rc6 30. b4 1-0

[Event "XIII Abierto de la Constitucion"]
[Site "San Sebastian De Los Reyes"]
[Date "2011.12.02"]
[Round "1.7"]
[White "Perez-Nuñez Castillo, Jose Antonio"]
[Black "Semprun Martinez, Fernando"]
[Result "0-1"]
[WhiteElo "1665"]
[BlackElo "2175"]
[PlyCount "74"]
[EventDate "2011.12.02"]

1. d4 Nf6 2. c4 g6 3. Nc3 d5 4. cxd5 Nxd5 5. e4 Nxc3 6. bxc3 Bg7 7. Ne2 O-O 8.
h3 c5 9. Be3 cxd4 10. cxd4 Nc6 11. Rc1 Qa5+ 12. Qd2 Qxd2+ 13. Kxd2 Rd8 14. e5
Bxe5 15. g4 Nxd4 16. Nxd4 Bxd4 17. Bxd4 Rxd4+ 18. Ke3 Ra4 19. Bc4 Bd7 20. Bb3
Ra3 21. Rc7 Bc6 22. Rd1 a5 23. Rd3 e6 24. Kd2 a4 25. Bc4 Rxd3+ 26. Kxd3 Rd8+
27. Kc2 Rd4 28. Be2 Rf4 29. f3 Kg7 30. Kd2 g5 31. Kc3 Kf6 32. Kd2 Bxf3 33. Rc3
Bxe2 34. Kxe2 b5 35. a3 b4 36. axb4 Rxb4 37. Ra3 Rf4 0-1

[Event "XIII Abierto de la Constitucion"]
[Site "San Sebastian De Los Reyes"]
[Date "2011.12.02"]
[Round "1.8"]
[White "Barez Menendez, Hector"]
[Black "Alfaya Marcelo, Roberto"]
[Result "1-0"]
[WhiteElo "2161"]
[BlackElo "1652"]
[PlyCount "73"]
[EventDate "2011.12.02"]

1. Nf3 Nf6 2. c4 g6 3. g3 Bg7 4. Bg2 d6 5. d4 O-O 6. O-O Nbd7 7. Nc3 e5 8. e4
c6 9. h3 Re8 10. Be3 exd4 11. Nxd4 Nc5 12. Qc2 a5 13. Rad1 Qe7 14. Rfe1 a4 15.
f4 Nfd7 16. b4 axb3 17. axb3 Na6 18. Na2 Ndc5 19. b4 Nxe4 20. Bxe4 Qxe4 21. Bf2
Bf5 22. Rxe4 Bxe4 23. Qb3 f5 24. Nf3 d5 25. Ng5 Nc7 26. Nxe4 Rxe4 27. cxd5 Nxd5
28. Re1 Rxe1+ 29. Bxe1 Kh8 30. Bf2 Nf6 31. Bd4 Ne4 32. Qb2 Bxd4+ 33. Qxd4+ Kg8
34. g4 Ra6 35. Qd8+ Kg7 36. Qc7+ Kh6 37. g5+ 1-0

[Event "XIII Abierto de la Constitucion"]
[Site "San Sebastian De Los Reyes"]
[Date "2011.12.02"]
[Round "1.9"]
[White "Ureña Castellanos, Antonio"]
[Black "Aziz Ortego, Omar Luis"]
[Result "0-1"]
[WhiteElo "1648"]
[BlackElo "2139"]
[PlyCount "80"]
[EventDate "2011.12.02"]

1. d4 e6 2. c4 Nf6 3. Nc3 Bb4 4. Bd2 b6 5. Nf3 Bb7 6. e3 O-O 7. Bd3 d5 8. cxd5
exd5 9. a3 Bd6 10. h3 Re8 11. O-O Ne4 12. Rc1 a6 13. b4 Nd7 14. Bxe4 dxe4 15.
Nh2 Qh4 16. Be1 Qg5 17. Qb3 Re7 18. a4 Kh8 19. a5 b5 20. Bd2 f5 21. Nd5 Re6 22.
Nf4 Rh6 23. Qf7 Rd8 24. Ne6 Rxe6 25. Qxe6 Nf6 26. Qb3 Ng4 27. hxg4 fxg4 28. g3
Bd5 29. Qd1 h5 30. Kg2 Rf8 31. Rh1 Qf5 32. Be1 Kg8 33. Nf1 Bxb4 34. Rxc7 Bxa5
35. Rc1 g6 36. Ra1 Bc3 37. Rc1 b4 38. Qe2 Bxe1 39. Rxe1 a5 40. Qb5 Qxf2# 0-1

[Event "XIII Abierto de la Constitucion"]
[Site "San Sebastian De Los Reyes"]
[Date "2011.12.02"]
[Round "1.10"]
[White "Bustos Serrano, Doroteo"]
[Black "Zumel Zea, Javier"]
[Result "1-0"]
[WhiteElo "2120"]
[BlackElo "1625"]
[PlyCount "77"]
[EventDate "2011.12.02"]

1. e4 c5 2. Nf3 a6 3. c3 d5 4. exd5 Qxd5 5. d4 e6 6. Be2 Nf6 7. O-O Nbd7 8. Be3
Be7 9. c4 Qc6 10. Nc3 O-O 11. Qc2 b6 12. Ne5 Qc7 13. Nxd7 Bxd7 14. Rad1 cxd4
15. Bxd4 Bc6 16. Bd3 g6 17. Rfe1 Rfd8 18. Be5 Qb7 19. f3 Nd7 20. Bg3 Nc5 21.
Bf1 Bf8 22. b4 Nd7 23. a3 Nf6 24. Bd3 Bg7 25. Bf2 Nh5 26. Be4 Nf6 27. Bxc6 Qxc6
28. Na4 b5 29. Nc5 Nd7 30. cxb5 axb5 31. Qd3 Nf6 32. Qxd8+ Rxd8 33. Rxd8+ Bf8
34. Bd4 Ne8 35. Rd1 Be7 36. Rd7 Bf6 37. Bxf6 Nxf6 38. R1d6 Qxd7 39. Nxd7 1-0

[Event "XIII Abierto de la Constitucion"]
[Site "San Sebastian De Los Reyes"]
[Date "2011.12.02"]
[Round "1.11"]
[White "Folgar Lopez, Angel"]
[Black "Perez De Aranda A., Leonardo I"]
[Result "0-1"]
[WhiteElo "1623"]
[BlackElo "2117"]
[PlyCount "78"]
[EventDate "2011.12.02"]

1. d4 d5 2. Nf3 Nf6 3. e3 c5 4. c3 e6 5. Bd3 Nc6 6. Nbd2 Bd6 7. O-O O-O 8. e4
cxd4 9. cxd4 Nb4 10. Bb1 dxe4 11. Nxe4 Nxe4 12. Bxe4 h6 13. a3 Nd5 14. Re1 Bd7
15. Bc2 Rc8 16. Qd3 Nf6 17. b4 Qc7 18. Re2 a6 19. Rd2 Bf4 20. Rd1 Bxh2+ 21.
Nxh2 Qxc2 22. Qxc2 Rxc2 23. Nf3 Bc6 24. Ne5 Bd5 25. Bf4 g5 26. Bh2 Rfc8 27. Nd3
Ng4 28. Bg3 Ne3 29. Ne1 Nxd1 30. Nxc2 Nc3 31. Kf1 Ne4 32. Ne3 Nxg3+ 33. fxg3
Rc3 34. Kf2 Rd3 35. Nxd5 exd5 36. Ke2 Rxd4 37. Rd1 Rxd1 38. Kxd1 Kf8 39. Kd2
Ke7 0-1

[Event "XIII Abierto de la Constitucion"]
[Site "San Sebastian De Los Reyes"]
[Date "2011.12.02"]
[Round "1.13"]
[White "Del Campo Lobo, Joaquin"]
[Black "Lopez De Turiso Sanchez, Jose Angel"]
[Result "0-1"]
[WhiteElo "1608"]
[BlackElo "2065"]
[PlyCount "88"]
[EventDate "2011.12.02"]

1. d4 Nf6 2. c4 c5 3. Nf3 cxd4 4. Nxd4 e5 5. Nb3 d5 6. e3 Be6 7. cxd5 Nxd5 8.
e4 Nb4 9. Qxd8+ Kxd8 10. Kd1 Nxa2 11. N1d2 Nxc1 12. Rxc1 Nc6 13. Nc5 Bxc5 14.
Rxc5 Ke7 15. Bc4 f6 16. Bxe6 Kxe6 17. Nb3 Rac8 18. Ke2 b6 19. Rc4 Rhd8 20. Rhc1
Ne7 21. Rc7 Rxc7 22. Rxc7 Rd7 23. Rc3 Ng6 24. g3 Rb7 25. Nd2 Kd7 26. Nf1 Rc7
27. Rxc7+ Kxc7 28. Ne3 Ne7 29. Kd3 Kc6 30. Kc4 b5+ 31. Kb4 Kb6 32. f4 a5+ 33.
Kc3 Kc5 34. Ng2 b4+ 35. Kd3 a4 36. Ne3 Nc6 37. Nf5 g6 38. Ne3 h5 39. Nd5 f5 40.
Nf6 fxe4+ 41. Nxe4+ Kd5 42. Nf6+ Ke6 43. fxe5 Nxe5+ 44. Kd4 Kxf6 0-1

[Event "XIII Abierto de la Constitucion"]
[Site "San Sebastian De Los Reyes"]
[Date "2011.12.02"]
[Round "1.14"]
[White "Ramos Del Campo, Alexander"]
[Black "Sanchez Tapia, Luis Gabriel"]
[Result "1-0"]
[WhiteElo "2038"]
[BlackElo "1605"]
[PlyCount "67"]
[EventDate "2011.12.02"]

1. e4 c6 2. d4 d5 3. Nd2 a6 4. e5 Bf5 5. Nb3 Nd7 6. h4 h6 7. Bd3 Bxd3 8. Qxd3
e6 9. Qg3 Ne7 10. Nf3 c5 11. Be3 Nf5 12. Qf4 c4 13. Nbd2 b5 14. g4 Ne7 15. c3
g6 16. O-O h5 17. Ng5 Nf5 18. gxf5 gxf5 19. Kh1 Be7 20. Rg1 Nf8 21. Qh2 Ng6 22.
Nxe6 Qd7 23. Ng5 b4 24. Bf4 bxc3 25. bxc3 Ba3 26. Rae1 Nf8 27. Ndf3 Ne6 28.
Nxe6 fxe6 29. Bg5 Qa4 30. Bf6 Rf8 31. Rb1 Qc2 32. Qg3 Bb2 33. Qg7 Rf7 34. Qg8+
1-0

[Event "XIII Abierto de la Constitucion"]
[Site "San Sebastian De Los Reyes"]
[Date "2011.12.02"]
[Round "1.15"]
[White "Cerrato Sampablo, Antonio"]
[Black "Esquivias Gomez, Fco. Javier"]
[Result "0-1"]
[WhiteElo "1581"]
[BlackElo "2034"]
[PlyCount "52"]
[EventDate "2011.12.02"]

1. e4 g6 2. Bc4 Bg7 3. Nf3 e6 4. c3 Ne7 5. d4 d5 6. exd5 exd5 7. Be2 O-O 8. O-O
b6 9. Bg5 Bb7 10. Re1 f6 11. Bf4 Kh8 12. Na3 Nf5 13. Bd3 Nd6 14. Qd2 Ne4 15.
Qc1 g5 16. Be3 h6 17. h4 g4 18. Nh2 f5 19. Bxe4 fxe4 20. Nxg4 Qxh4 21. Ne5 Bxe5
22. dxe5 Nc6 23. g3 Qh5 24. Bxh6 Nxe5 25. Kg2 Qf3+ 26. Kh3 Bc8+ 0-1

[Event "XIII Abierto de la Constitucion"]
[Site "San Sebastian De Los Reyes"]
[Date "2011.12.02"]
[Round "1.16"]
[White "Lobato Lavin, Alvaro"]
[Black "Hernandez Ramos, David"]
[Result "1/2-1/2"]
[WhiteElo "2033"]
[BlackElo "1574"]
[PlyCount "101"]
[EventDate "2011.12.02"]

1. e4 e6 2. Nf3 d5 3. e5 c5 4. b4 cxb4 5. d4 Nc6 6. a3 bxa3 7. c3 Bd7 8. Bd3
Rc8 9. O-O Nge7 10. Bxa3 Ng6 11. Bxf8 Nxf8 12. Na3 a6 13. h4 Ng6 14. g3 f5 15.
Ng5 h6 16. Nh3 O-O 17. h5 Nge7 18. Nf4 Qe8 19. Be2 b5 20. Nc2 Ra8 21. Ne3 Qc8
22. Qd2 Nd8 23. Nd3 Nb7 24. f4 Be8 25. g4 fxg4 26. Bxg4 Nf5 27. Bxf5 exf5 28.
Nxd5 Qd8 29. Qg2 Kh8 30. e6 Qd6 31. e7 Rg8 32. Rfe1 Bxh5 33. Ne5 Be8 34. Kf2 a5
35. Ne3 Qxe7 36. Nxf5 Qc7 37. Rg1 g6 38. Nxh6 Rg7 39. Qh3 Rh7 40. Nxg6+ Bxg6
41. Rxg6 Qxf4+ 42. Qf3 Qh2+ 43. Ke3 Re8+ 44. Kd3 Nc5+ 45. dxc5 Rd7+ 46. Rd6
Rxd6+ 47. cxd6 Qxd6+ 48. Kc2 Qh2+ 49. Kb3 a4+ 50. Ka3 Qd6+ 51. Ka2 1/2-1/2

[Event "XIII Abierto de la Constitucion"]
[Site "San Sebastian De Los Reyes"]
[Date "2011.12.02"]
[Round "1.17"]
[White "Cabeza Hernandez, Guillermo"]
[Black "Cavalle Pulla, Daniel"]
[Result "0-1"]
[WhiteElo "1551"]
[BlackElo "1997"]
[PlyCount "62"]
[EventDate "2011.12.02"]

1. c4 e5 2. Nc3 Nc6 3. g3 g6 4. Bg2 Bg7 5. e3 d6 6. Nge2 f5 7. O-O Nf6 8. Rb1
O-O 9. b4 a6 10. d3 Ne7 11. Qb3 c6 12. Ba3 Be6 13. Rfd1 Rc8 14. Qc2 Qc7 15. c5
Nfd5 16. Na4 f4 17. e4 f3 18. exd5 fxe2 19. Qxe2 Nxd5 20. Bxd5 Bxd5 21. Nb6 Bf3
22. cxd6 Qxb6 23. Qc2 Bxd1 24. Rxd1 Qd4 25. b5 cxb5 26. Qb3+ Rf7 27. Rf1 Bf8
28. d7 Qxd7 29. Bb2 Qf5 30. Qd5 Rc2 31. Bxe5 Rc5 0-1

[Event "XIII Abierto de la Constitucion"]
[Site "San Sebastian De Los Reyes"]
[Date "2011.12.02"]
[Round "1.18"]
[White "Muñoz Sanchez, Daniel"]
[Black "Rodriguez Alonso, Marcos"]
[Result "1-0"]
[WhiteElo "1995"]
[BlackElo "1540"]
[PlyCount "159"]
[EventDate "2011.12.02"]

1. Nf3 Nc6 2. e4 e5 3. Bb5 a6 4. Ba4 Bc5 5. O-O Nf6 6. d3 d6 7. c3 O-O 8. Bg5
Bg4 9. Nbd2 h6 10. Be3 Bb6 11. h3 Bh5 12. Nc4 Ba7 13. Bxc6 bxc6 14. Bxa7 Rxa7
15. g4 Bg6 16. Nh4 Bh7 17. Nf5 Bxf5 18. gxf5 Nh7 19. f4 Qh4 20. Qg4 Qxg4+ 21.
hxg4 exf4 22. Rxf4 Ng5 23. Kg2 f6 24. b4 Re8 25. Na5 c5 26. bxc5 dxc5 27. Rb1
Kf7 28. Rf2 Raa8 29. Rb7 Rec8 30. Rfb2 Ke7 31. R2b6 Kd7 32. Nc4 Nf7 33. Re6 Kd8
34. Rc6 Kd7 35. Rxc5 Nd6 36. Rd5 Kc6 37. Na5+ Kd7 38. d4 Ke8 39. Rb2 Rab8 40.
Re2 Rb5 41. Rxb5 Nxb5 42. Re3 Kf7 43. e5 fxe5 44. dxe5 Rd8 45. Nc4 Rd1 46. e6+
Ke7 47. a4 Nd6 48. Ne5 Ne8 49. Nc6+ Kd6 50. Nb4 a5 51. Rd3+ Rxd3 52. Nxd3 Kd5
53. Nb2 g6 54. fxg6 Kxe6 55. Nc4 Kf6 56. Nxa5 Kxg6 57. Nc4 Kf6 58. Kg3 c5 59.
Ne3 Nc7 60. Kh4 Kg6 61. c4 Na6 62. a5 Nc7 63. Nd1 Na6 64. Nc3 Nc7 65. Ne4 Na6
66. Kg3 Kf7 67. Kf4 Ke6 68. Ng3 Kf6 69. Nf5 Kg6 70. Ng3 Kf6 71. Ne4+ Ke6 72.
Kf3 Kf7 73. Ke3 Ke7 74. Kd3 Ke6 75. Ng3 Ke5 76. Nh5 Nc7 77. Kc3 Ke4 78. Kb3 Kf3
79. Nf6 Kf4 80. Nd5+ 1-0

[Event "XIII Abierto de la Constitucion"]
[Site "San Sebastian De Los Reyes"]
[Date "2011.12.02"]
[Round "1.19"]
[White "Infante Martin, Alonso"]
[Black "Cano Cabanillas, Javier"]
[Result "0-1"]
[WhiteElo "1535"]
[BlackElo "1954"]
[PlyCount "128"]
[EventDate "2011.12.02"]

1. d4 Nf6 2. c4 g6 3. Nc3 d5 4. Nf3 Bg7 5. Bg5 Ne4 6. Bh4 Nxc3 7. bxc3 dxc4 8.
Qa4+ Nd7 9. Qxc4 O-O 10. e3 Nb6 11. Qb3 Be6 12. c4 c5 13. Rd1 Qc7 14. Be2 Rfe8
15. Bg3 Qc8 16. O-O cxd4 17. Nxd4 Bxc4 18. Bxc4 Qxc4 19. Rc1 Qxb3 20. axb3 Bxd4
21. exd4 Nd5 22. Rfd1 Rac8 23. Rc4 e6 24. Rdc1 Nb6 25. Rc5 a6 26. Be5 Rxc5 27.
Rxc5 Rc8 28. Kf1 Rxc5 29. dxc5 Nd5 30. g3 Kf8 31. Ke2 Ke7 32. Bb2 Kd7 33. Kd3
Kc6 34. Kc4 b5+ 35. cxb6 Nxb6+ 36. Kb4 Nd5+ 37. Kc4 h5 38. h4 a5 39. Ba3 Nf6
40. f3 Nd5 41. Bc1 Nb6+ 42. Kc3 Kb5 43. Bd2 Nd7 44. Kd4 Nc5 45. Kc3 a4 46.
bxa4+ Nxa4+ 47. Kd4 Nb6 48. Bg5 Kc6 49. Ke4 Kd6 50. Bf4+ Ke7 51. Be3 Nd7 52.
Bd4 f6 53. g4 e5 54. Be3 Ke6 55. gxh5 f5+ 56. Kd3 gxh5 57. f4 Kd5 58. fxe5
Nxe5+ 59. Ke2 Ke4 60. Bg5 Ng4 61. Kf1 Kf3 62. Bd2 Ne5 63. Bg5 Ng6 64. Kg1 Kg3
0-1

[Event "XIII Abierto de la Constitucion"]
[Site "San Sebastian De Los Reyes"]
[Date "2011.12.02"]
[Round "1.20"]
[White "Montiel Miguelez, Manuel"]
[Black "Tevar Becerra, Alvaro"]
[Result "1-0"]
[WhiteElo "1934"]
[BlackElo "1525"]
[PlyCount "59"]
[EventDate "2011.12.02"]

1. e4 e5 2. Nf3 Nc6 3. Bb5 d6 4. O-O Bd7 5. c3 a6 6. Ba4 b5 7. Bc2 Nf6 8. d4
exd4 9. cxd4 Bg4 10. Be3 Be7 11. Nbd2 O-O 12. Rc1 Nb4 13. Bb1 c5 14. dxc5 dxc5
15. Bxc5 Bxc5 16. Rxc5 Nd3 17. Rc3 Nxb2 18. Qc2 Na4 19. Rc6 Bh5 20. Rc1 Re8 21.
Nh4 Nxe4 22. Nxe4 Qxh4 23. Nf6+ gxf6 24. Qxh7+ Kf8 25. Rc7 Qg5 26. Qh8+ Qg8 27.
Qxh5 b4 28. Qa5 Nc3 29. Qxb4+ Kg7 30. Qxc3 1-0

[Event "XIII Abierto de la Constitucion"]
[Site "San Sebastian De Los Reyes"]
[Date "2011.12.02"]
[Round "1.21"]
[White "Salgado Duarte, Pablo"]
[Black "Camarero Izquierdo, Juan Carlos"]
[Result "1-0"]
[WhiteElo "1500"]
[BlackElo "1915"]
[PlyCount "107"]
[EventDate "2011.12.02"]

1. d4 f5 2. c4 e6 3. Nc3 Bb4 4. Bd2 Bxc3 5. Bxc3 Nf6 6. Nf3 b6 7. e3 Bb7 8. Be2
O-O 9. O-O Ne4 10. Qc2 d6 11. Rad1 Nd7 12. Nd2 Qg5 13. Nf3 Qh6 14. Qb3 Nef6 15.
c5 Bd5 16. Qa3 bxc5 17. dxc5 Nxc5 18. Bd2 Nce4 19. Bc1 Ng4 20. h3 Ne5 21. Nxe5
dxe5 22. Bf3 Ng5 23. Bxd5 exd5 24. Rxd5 e4 25. Qc5 Qg6 26. Kh1 Qa6 27. Rfd1 Ne6
28. Qa5 Qxa5 29. Rxa5 c5 30. b3 Rfd8 31. Rxd8+ Rxd8 32. Ba3 Rd2 33. Bxc5 Nxc5
34. Rxc5 Rxf2 35. Ra5 Re2 36. Rxa7 Rxe3 37. b4 Re1+ 38. Kh2 Rb1 39. a3 Kf8 40.
Ra5 g6 41. Kg3 Rf1 42. Re5 e3 43. a4 f4+ 44. Kg4 h5+ 45. Kg5 f3 46. gxf3 Rxf3
47. Kxg6 Rxh3 48. b5 h4 49. b6 Rg3+ 50. Kh5 h3 51. b7 h2 52. b8=Q+ Kg7 53. Qc7+
Kf6 54. Qe7# 1-0

[Event "XIII Abierto de la Constitucion"]
[Site "San Sebastian De Los Reyes"]
[Date "2011.12.02"]
[Round "1.22"]
[White "Sacristan Virseda, Fernando"]
[Black "Martin Rodriguez, Jose Luis"]
[Result "1-0"]
[WhiteElo "1891"]
[BlackElo "1483"]
[PlyCount "45"]
[EventDate "2011.12.02"]

1. e4 e6 2. d4 d5 3. Nc3 Nf6 4. e5 Nfd7 5. f4 c5 6. Nf3 Nc6 7. Be3 Qb6 8. Na4
Qa5+ 9. c3 cxd4 10. Nxd4 Nxd4 11. Bxd4 b5 12. b4 Qxa4 13. Qh5 Bxb4 14. f5 O-O
15. fxe6 fxe6 16. Bd3 h6 17. Qg6 Rf5 18. Qxe6+ Kh8 19. Qxf5 Nf8 20. Qf3 Bg4 21.
Qxd5 Rb8 22. O-O Ba3 23. Qe4 1-0

[Event "XIII Abierto de la Constitucion"]
[Site "San Sebastian De Los Reyes"]
[Date "2011.12.02"]
[Round "1.23"]
[White "Ojosnegros Martin, Angel"]
[Black "Gueler Berdasco, Martin"]
[Result "0-1"]
[WhiteElo "1475"]
[BlackElo "1879"]
[PlyCount "110"]
[EventDate "2011.12.02"]

1. e4 c5 2. Nf3 e6 3. d4 cxd4 4. Nxd4 Nf6 5. Nc3 Nc6 6. Be3 Bb4 7. Nxc6 bxc6 8.
Bd3 d5 9. exd5 exd5 10. Bd2 O-O 11. O-O Bg4 12. Be2 Bxe2 13. Nxe2 Bxd2 14. Qxd2
Ne4 15. Qd3 Qb6 16. b3 a5 17. Ng3 Nc5 18. Qc3 Qb4 19. Qf3 Rfe8 20. c3 Qb6 21.
Qg4 Ne4 22. Nxe4 Rxe4 23. Qh3 Rae8 24. Kh1 Re2 25. Qf5 g6 26. Qf3 Rc2 27. g3
Ree2 28. Rad1 Rxf2 29. Rxf2 Qxf2 30. Qxf2 Rxf2 31. a3 Ra2 32. a4 Rb2 33. c4
dxc4 34. bxc4 Rb4 35. Rd8+ Kg7 36. Ra8 Rxa4 37. c5 Rc4 38. Rxa5 Rc2 39. Kg1 Kf6
40. h3 Ke5 41. Ra7 Ke6 42. Ra5 h5 43. h4 f5 44. Kf1 f4 45. gxf4 Kf5 46. Ke1
Kxf4 47. Ra4+ Kg3 48. Kd1 Rxc5 49. Kd2 Rf5 50. Ra6 Rf6 51. Ra4 c5 52. Rc4 Rf5
53. Ke3 Rf3+ 54. Ke2 Rf4 55. Rxc5 Kxh4 0-1

[Event "XIII Abierto de la Constitucion"]
[Site "San Sebastian De Los Reyes"]
[Date "2011.12.02"]
[Round "1.24"]
[White "Vidaurre, Luis Alberto"]
[Black "Lianes Garcia, Marcos"]
[Result "1/2-1/2"]
[WhiteElo "1871"]
[BlackElo "1471"]
[PlyCount "87"]
[EventDate "2011.12.02"]

1. d4 d5 2. Nf3 Nf6 3. Bf4 e6 4. e3 Nbd7 5. Bd3 Be7 6. O-O b6 7. c4 Bb7 8. Nc3
O-O 9. Rc1 c5 10. Qe2 Rc8 11. a3 Re8 12. Nb5 a6 13. Nd6 Bxd6 14. Bxd6 Rc6 15.
dxc5 bxc5 16. Bg3 Qb6 17. Rc2 Rec8 18. Qd2 Re8 19. Qc3 dxc4 20. Qxc4 a5 21.
Rfc1 Ba6 22. Qxa6 Qxa6 23. Bxa6 Rxa6 24. Ne1 Rc6 25. Nd3 Rec8 26. Rc4 Nd5 27.
b4 axb4 28. axb4 N5b6 29. b5 R6c7 30. R4c2 Ra7 31. Nb4 cxb4 32. Rxc8+ Nxc8 33.
Rxc8+ Nf8 34. h3 Rd7 35. b6 b3 36. Rc1 Rb7 37. Bc7 Nd7 38. Bd8 Rb8 39. Bc7 Rb7
40. Rd1 b2 41. Rb1 Nxb6 42. Rxb2 Rxc7 43. Rxb6 g6 44. g4 1/2-1/2

[Event "XIII Abierto de la Constitucion"]
[Site "San Sebastian De Los Reyes"]
[Date "2011.12.02"]
[Round "1.25"]
[White "Anton Quevedo, Andrea"]
[Black "Nuñez Miranda, Adrian"]
[Result "0-1"]
[WhiteElo "1445"]
[BlackElo "1866"]
[PlyCount "76"]
[EventDate "2011.12.02"]

1. e4 d6 2. d4 Nf6 3. Nc3 Nbd7 4. Nf3 e5 5. dxe5 dxe5 6. Bc4 Be7 7. Be3 c6 8.
O-O O-O 9. a4 b6 10. Qd3 a6 11. Rfd1 Qc7 12. Rd2 Bb7 13. Rad1 Rad8 14. Qe2 b5
15. axb5 axb5 16. Bb3 b4 17. Na2 Nxe4 18. Rd3 Ba6 19. c3 Bxd3 20. Rxd3 Nec5 21.
Bxc5 Nxc5 22. Rxd8 Qxd8 23. Bc4 e4 24. Nd4 bxc3 25. bxc3 Bf6 26. Nxc6 Qb6 27.
Bb5 Nd3 28. c4 Ra8 29. Nc1 Ra1 30. h3 Rxc1+ 31. Kh2 Qxf2 32. Qxf2 Nxf2 33. Kg3
e3 34. Kf3 Bg5 35. Nd4 Nd3 36. Ne2 Rf1+ 37. Ke4 Nc1 38. Nxc1 Rxc1 0-1

[Event "XIII Abierto de la Constitucion"]
[Site "San Sebastian De Los Reyes"]
[Date "2011.12.02"]
[Round "1.26"]
[White "De La Orden Alcocer, Alejandro"]
[Black "Hernandez Ramos, Alberto"]
[Result "1-0"]
[WhiteElo "1853"]
[BlackElo "1430"]
[PlyCount "99"]
[EventDate "2011.12.02"]

1. b3 e5 2. Bb2 Nc6 3. e3 Nf6 4. Bb5 d6 5. d4 exd4 6. exd4 Bd7 7. Nf3 a6 8. Be2
Be7 9. O-O O-O 10. c4 d5 11. Ne5 Be8 12. Nd2 dxc4 13. Ndxc4 b5 14. Bf3 bxc4 15.
Bxc6 Bxc6 16. Nxc6 Qd7 17. Nxe7+ Qxe7 18. bxc4 Qb4 19. Qc2 Rab8 20. Rab1 Qd6
21. h3 Rfd8 22. Bc3 Qf4 23. Rxb8 Rxb8 24. Re1 g6 25. Qd3 Qd6 26. d5 Kg7 27. Qd4
Rd8 28. Re3 Rb8 29. g3 c5 30. Qh4 Rb6 31. Rf3 Qe7 32. Bxf6+ Rxf6 33. Rxf6 Qxf6
34. Qxf6+ Kxf6 35. f4 Ke7 36. Kf2 f5 37. Kf3 Kf7 38. g4 Kf6 39. g5+ Kf7 40. Ke3
Ke7 41. Kd3 Kd6 42. Kc3 Kc7 43. Kb3 Kb7 44. Ka3 Kc7 45. Ka4 Kb6 46. a3 a5 47.
h4 Ka6 48. d6 Kb6 49. d7 Kc7 50. Kxa5 1-0

[Event "XIII Abierto de la Constitucion"]
[Site "San Sebastian De Los Reyes"]
[Date "2011.12.03"]
[Round "2.1"]
[White "Almagro Llamas, Pablo"]
[Black "Sacristan Virseda, Fernando"]
[Result "1-0"]
[WhiteElo "2461"]
[BlackElo "1891"]
[PlyCount "67"]
[EventDate "2011.12.02"]

1. e4 c5 2. Nf3 e6 3. d4 cxd4 4. Nxd4 Nf6 5. Nc3 Nc6 6. Ndb5 Bb4 7. a3 Bxc3+ 8.
Nxc3 d5 9. exd5 exd5 10. Bd3 O-O 11. O-O h6 12. Re1 Bg4 13. f3 Be6 14. Kh1 d4
15. Ne2 a6 16. Nf4 Bd7 17. b4 Qb6 18. Bb2 Rfd8 19. Qd2 Rac8 20. Qf2 Qc7 21. Ne2
Ne5 22. Nxd4 Nxd3 23. cxd3 Qd6 24. Nb3 b6 25. Be5 Qxd3 26. Bxf6 gxf6 27. Re3
Qc2 28. Qxc2 Rxc2 29. Rd3 Rb2 30. Nd2 Rc2 31. Ne4 Rdc8 32. Nxf6+ Kg7 33. Nxd7
Rc1+ 34. Rd1 1-0

[Event "XIII Abierto de la Constitucion"]
[Site "San Sebastian De Los Reyes"]
[Date "2011.12.03"]
[Round "2.2"]
[White "Gueler Berdasco, Martin"]
[Black "Roa Alonso, Santiago"]
[Result "0-1"]
[WhiteElo "1879"]
[BlackElo "2418"]
[PlyCount "70"]
[EventDate "2011.12.02"]

1. d4 Nf6 2. Bg5 c6 3. c3 d5 4. Nf3 Bf5 5. e3 Qb6 6. Qb3 Nbd7 7. Nbd2 h6 8. Bh4
g5 9. Bg3 Nh5 10. c4 e6 11. c5 Qxb3 12. axb3 Nxg3 13. hxg3 Be7 14. b4 Kd8 15.
b5 Kc7 16. b4 g4 17. Ne5 Nxe5 18. dxe5 cxb5 19. Bxb5 b6 20. Ke2 a5 21. bxa5
bxc5 22. Bd3 Bxd3+ 23. Kxd3 c4+ 24. Kc2 Ra6 25. Ra4 h5 26. Kc3 h4 27. gxh4 Bxh4
28. f4 gxf3 29. Nxf3 Bf6 30. Rxh8 Bxh8 31. Kd4 f6 32. exf6 Bxf6+ 33. Kc5 c3 34.
Ra1 c2 35. Rc1 Bb2 0-1